000 00372 a2200145 4500
005 20250618091405.0
020 _a0-02-359881-6
082 _aLM 621.319 IRW
100 _aIRWIN, J. D.
245 _aBasic Engineering Circuit Analysis.
250 _a3rd Ed
260 _aNew York,
_bMacmillan,
_c1990.
300 _axvii, 936p.: ill.; figure
_bIndex
_c23cm
942 _2ddc
_cBKS
999 _c4272
_d4272